Reinaldo Solar.

Bibliographic Details
Main Author: Gallegos, Rómulo, 1884-1969
Format: Book
Language:Spanish
Published: Buenos Aires : Espasa-Calpe, [1961]
Edition:5. ed.
Series:Colección Austral (1987) ; 224.

MARC

Tag First Indicator Second Indicator Subfields
LEADER 00000cam a2200000 4500
001 in00000021667
005 20151007063703.0
008 711108s1961 ag 00001 spa u
035 |a (OCoLC)00169682 
035 |9 AAD8000AM 
040 |c CSU  |d OCL  |d TXA  |d UtOrBLW 
049 |a TXAM  |c [357355] 
090 |a PQ8549.G24  |b U5 1961 
092 |a 863  |b G166r, 1961 
100 1 |a Gallegos, Rómulo,  |d 1884-1969. 
245 1 0 |a Reinaldo Solar. 
250 |a 5. ed. 
264 1 |a Buenos Aires :  |b Espasa-Calpe,  |c [1961] 
300 |a 225 pages ;  |c 18 cm. 
336 |a text  |b txt  |2 rdacontent 
337 |a unmediated  |b n  |2 rdamedia 
338 |a volume  |b nc  |2 rdacarrier 
490 1 |a Coleccion austral, 224 
830 0 |a Colección Austral (1987) ;  |v 224. 
999 |a MARS 
999 f f |s 71ba37d0-7d8e-3570-90ec-2d21f8e98bdb  |i fed66d21-b9cb-334e-944f-cc6f8732a305  |t 0 
952 f f |p ric  |a Texas A&M University  |b Rellis Campus  |c Joint Library Facility  |d Remote Storage  |t 0  |e PQ8549.G24 U5 1961  |h Library of Congress classification  |i unmediated -- volume  |m A14801384111 
998 f f |a PQ8549.G24 U5 1961  |t 0  |l Remote Storage